000 00443nam a2200157 a 4500
001 2813
005 20180713182754.0
008 140415s1985 000 0 spa d
041 _aspa
082 _a624.1
_bJEN
100 1 _aJENKINS, W. M.
245 1 0 _aANALISIS Y MECANICA DE LAS ESTRUCTURAS
260 _a[s.l.] :
_bREPRESENTACION Y SERVICIOS DE INGENIERIA,
_c1985
300 _a418
650 1 4 _aINGENIERIA DE ESTRUCTURAS
999 _c2813
_d2813